[Event "Nuremberg Zabo op 14th"]
[Site "Nuremberg"]
[Date "2012.09.14"]
[Round "1.27"]
[White "Andersen, Ernst"]
[Black "Rausch, Wolfgang1111"]
[Result "0-1"]
[WhiteElo "1510"]
[BlackElo "1907"]
[PlyCount "66"]
[EventDate "2012.09.14"]
[EventType "swiss"]
[EventRounds "5"]
[EventCountry "GER"]
[SourceTitle "EXT 2022"]
[Source "ChessBase"]
[SourceDate "2021.10.06"]
[SourceVersion "1"]
[SourceVersionDate "2021.10.06"]
[SourceQuality "1"]

1. e4 Nf6 2. e5 Nd5 3. c4 Nb6 4. d4 d6 5. exd6 cxd6 6. Nf3 g6 7. Nc3 Bg7 8. Be3 0-0 9. Qd2 Nc6 10. Bh6 Bg4 11. Bxg7 Kxg7 12. Be2 Bxf3 13. gxf3 e5 14. dxe5 dxe5 15. Qe3 Re8 16. h4 h6 17. Bd3 Nd4 18. 0-0-0 Rc8 19. b3 Nd5 20. Nxd5 Qxd5 21. Be4 Qa5 22. Kb2 b5 23. Rxd4 exd4 24. Qxd4+ Kg8 25. Rg1 Rcd8 26. Bd5 Re2+ 27. Kc1 Re1+ 28. Rxe1 Qxe1+ 29. Kb2 Qe7 30. Qd3 Qf6+ 31. Ka3 bxc4 32. bxc4 Rb8 33. c5 Qb2+ 0-1

[Event "Mittelfranken-ch HT 61st"]
[Site "Weissenburg"]
[Date "2012.04.02"]
[Round "1"]
[White "Bolten, Daniel"]
[Black "Andersen, Ernst"]
[Result "1-0"]
[WhiteElo "1978"]
[BlackElo "1544"]
[PlyCount "57"]
[EventDate "2012.04.02"]
[EventType "swiss"]
[EventRounds "7"]
[EventCountry "GER"]
[SourceTitle "EXT 2015"]
[Source "ChessBase"]
[SourceDate "2014.11.20"]
[SourceVersion "1"]
[SourceVersionDate "2014.11.20"]
[SourceQuality "1"]

1. c4 e5 2. Nc3 c6 3. Nf3 d6 4. g3 Nf6 5. d3 Be7 6. Bg2 Qc7 7. 0-0 0-0 8. Ne1 Nbd7 9. Nc2 Re8 10. Rb1 Nf8 11. d4 Ng6 12. e4 Bd7 13. Ne3 exd4 14. Qxd4 Ng4 15. Nf5 Bxf5 16. exf5 Bf6 17. Qxg4 Ne5 18. Qf4 Be7 19. Rd1 Rad8 20. b3 f6 21. Qd4 b6 22. Ba3 Kh8 23. Rbc1 Rd7 24. f4 c5 25. Qd5 Ng4 26. Re1 Qd8 27. Qe6 d5 28. Nxd5 Rd6 29. Qe2 1-0

[Event "Mittelfranken-chT 0405"]
[Site "Germany"]
[Date "2005.03.13"]
[Round "7.4"]
[White "Horneber, Thomas"]
[Black "Andersen, Ernst"]
[Result "1-0"]
[WhiteElo "1916"]
[BlackElo "1564"]
[PlyCount "45"]
[EventDate "2004.10.17"]
[EventType "team"]
[EventRounds "9"]
[EventCountry "GER"]
[SourceTitle "EXT 2007"]
[Source "ChessBase"]
[SourceDate "2006.11.23"]
[SourceVersion "1"]
[SourceVersionDate "2006.11.23"]
[SourceQuality "1"]

1. e4 c5 2. Nf3 e6 3. d4 cxd4 4. Nxd4 a6 5. Nc3 Bb4 6. Bd2 Qc7 7. Qg4 Be7 8. f4 d6 9. Qf3 Bf6 10. Nb3 Nc6 11. g4 Bh4+ 12. Kd1 Bf6 13. g5 Nd4 14. gxf6 Nxf3 15. fxg7 Bd7 16. gxh8Q 0-0-0 17. Be2 Nxd2 18. Kxd2 d5 19. Qe5 Qc6 20. Rad1 f6 21. Qd4 dxe4 22. Qc5 Be8+ 23. Kc1 1-0

[Event "Mittelfranken-chT 0405"]
[Site "Germany"]
[Date "2004.12.05"]
[Round "3.4"]
[White "Lutz, Rainer"]
[Black "Andersen, Ernst"]
[Result "1-0"]
[WhiteElo "1828"]
[BlackElo "1568"]
[PlyCount "55"]
[EventDate "2004.10.17"]
[EventType "team"]
[EventRounds "9"]
[EventCountry "GER"]
[SourceTitle "EXT 2007"]
[Source "ChessBase"]
[SourceDate "2006.11.23"]
[SourceVersion "1"]
[SourceVersionDate "2006.11.23"]
[SourceQuality "1"]

1. d4 Nf6 2. Nf3 g6 3. c4 Bg7 4. Nc3 0-0 5. Bg5 b6 6. e4 d6 7. h3 h6 8. Be3 Nbd7 9. Bd3 Bb7 10. Qd2 Kh7 11. Nh2 e5 12. d5 a5 13. Ng4 Ng8 14. f3 h5 15. 0-0-0 Nc5 16. Bc2 Ba6 17. b3 Bc8 18. Nf2 Bh6 19. g4 Bxe3 20. Qxe3 Qh4 21. Rdg1 f6 22. gxh5 Qxh5 23. Ne2 Bd7 24. f4 b5 25. Rg4 bxc4 26. bxc4 Rfb8 27. Qg3 Ne7 28. Rh4 1-0

[Event "Mittelfranken-chT 0405"]
[Site "Germany"]
[Date "2004.11.07"]
[Round "2.4"]
[White "Andersen, Ernst"]
[Black "Lutzky, Manfred"]
[Result "1/2-1/2"]
[WhiteElo "1568"]
[BlackElo "1807"]
[PlyCount "90"]
[EventDate "2004.10.17"]
[EventType "team"]
[EventRounds "9"]
[EventCountry "GER"]
[SourceTitle "EXT 2007"]
[Source "ChessBase"]
[SourceDate "2006.11.23"]
[SourceVersion "1"]
[SourceVersionDate "2006.11.23"]
[SourceQuality "1"]

1. e4 e5 2. Nf3 Nc6 3. Bb5 a6 4. Ba4 Nf6 5. Nc3 d6 6. d4 exd4 7. Bxc6+ bxc6 8. Nxd4 Bb7 9. f3 g6 10. Be3 Bg7 11. Qd2 Qe7 12. 0-0-0 Nd7 13. Rhe1 0-0-0 14. Nb3 Ne5 15. Qe2 Qe6 16. Na5 f5 17. exf5 Qxf5 18. Nxb7 Kxb7 19. Rd4 a5 20. Ra4 Ra8 21. Qd2 Nd7 22. Rf4 Qe6 23. Bd4 Be5 24. Bxe5 Nxe5 25. b3 Rhe8 26. Ne4 Qd5 27. Qxd5 cxd5 28. Nf2 Re7 29. Rd1 c6 30. Rfd4 Rae8 31. Nd3 Nxd3+ 32. R1xd3 Re2 33. Rd2 Kc7 34. Rxe2 Rxe2 35. Rd2 Rxd2 36. Kxd2 Kd7 37. Kd3 Ke6 38. c4 dxc4+ 39. Kxc4 Ke5 40. g3 d5+ 41. Kd3 c5 42. a3 Kf5 43. Ke3 Ke5 44. Kd3 Kf5 45. Ke3 Ke5 1/2-1/2